LIBRARY & INFORMATION CENTRE, KCAET, TAVANUR

ONLINE PUBLIC ACCESS CATALOGUE (OPAC)

Production technology / (Record no. 12133)

MARC details
000 -LEADER
fixed length control field 00451cam a2200145ua 4500
003 - CONTROL NUMBER IDENTIFIER
control field OSt
008 - FIXED-LENGTH DATA ELEMENTS--GENERAL INFORMATION
fixed length control field 240321b |||||||| |||| 00| 0 eng d
041 ## - LANGUAGE CODE
Language code of text/sound track or separate title eng
082 ## - DEWEY DECIMAL CLASSIFICATION NUMBER
Classification number 670
Item number HMT/PR
245 ## - TITLE STATEMENT
Title Production technology /
260 ## - PUBLICATION, DISTRIBUTION, ETC. (IMPRINT)
Place of publication New Delhi :
Name of publisher Tata Mc-Graw Hill Publishing Company ,
Year of publication 1978.
300 ## - PHYSICAL DESCRIPTION
Number of Pages 870 ; .
650 ## - SUBJECT ADDED ENTRY--TOPICAL TERM
Topical Term Metal cutting; Turning; Boring; Planing; Shaping; Drilling; Trepanning; Reaming; Tool standards
942 ## - ADDED ENTRY ELEMENTS (KOHA)
Koha item type Books
Holdings
Withdrawn status Lost status Damaged status Home library Current library Date acquired Full call number Accession Number Koha item type
      KAUAET KAUAET 27/03/1987 670 HMT/PR 16298 Books
free website counter